[Event "SWE-chT 2122 Elite"]
[Site "Sweden"]
[Date "2022.03.19"]
[Round "4.3"]
[White "Jogstad, Martin"]
[Black "Eriksson, Lennarth"]
[Result "1-0"]
[WhiteElo "2335"]
[BlackElo "2005"]
[PlyCount "101"]
[EventDate "2021.12.03"]
[EventType "team-tourn"]
[EventRounds "9"]
[EventCountry "SWE"]
[SourceTitle "EXT 2023"]
[Source "ChessBase"]
[SourceDate "2022.10.05"]
[SourceVersion "1"]
[SourceVersionDate "2022.10.05"]
[SourceQuality "1"]
[WhiteTeam "Lunds"]
[BlackTeam "Wasa"]
[WhiteTeamCountry "SWE"]
[BlackTeamCountry "SWE"]

1. d4 d6 2. Bf4 Nf6 3. e3 g6 4. Be2 Bg7 5. h4 h6 6. Nf3 c6 7. c4 Bf5 8. Nc3 Nbd7 9. Qd2 Qa5 10. e4 Bg4 11. Rd1 e5 12. dxe5 dxe5 13. Be3 Be6 14. 0-0 Qc7 15. Nh2 h5 16. Nf3 Bg4 17. b4 Nf8 18. b5 Ne6 19. bxc6 bxc6 20. Qd6 Bxf3 21. Bxf3 Rc8 22. Qxc7 Rxc7 23. Na4 Ng4 24. Bxg4 hxg4 25. g3 0-0 26. Nc5 Nd4 27. Bxd4 exd4 28. Kg2 Re8 29. f3 gxf3+ 30. Kxf3 Re5 31. Nb3 c5 32. Nc1 Re6 33. Nd3 Ra6 34. Rf2 Rcc6 35. e5 Ra4 36. Ke4 Rc7 37. Kd5 Bf8 38. Rdf1 Ra6 39. Rb1 Rd7+ 40. Ke4 Kg7 41. Rb8 Be7 42. Rfb2 Rc6 43. Re8 Re6 44. Rbb8 f6 45. Rg8+ Kh7 46. Rh8+ Kg7 47. h5 fxe5 48. h6+ Kf6 49. Rh7 Bd6 50. Rxd7 Bxb8 51. Rd8 1-0

[Event "Vaxjo op"]
[Site "Vaxjo"]
[Date "2022.03.04"]
[Round "2"]
[White "Seo, Jung Min"]
[Black "Eriksson, Lennarth"]
[Result "1-0"]
[WhiteElo "2470"]
[BlackElo "2017"]
[PlyCount "69"]
[EventDate "2022.03.04"]
[EventType "swiss"]
[EventRounds "8"]
[EventCountry "SWE"]
[SourceTitle "EXT 2024"]
[Source "ChessBase"]
[SourceDate "2023.10.10"]
[SourceVersion "1"]
[SourceVersionDate "2023.10.10"]
[SourceQuality "1"]

1. Nf3 Nf6 2. c4 e6 3. d4 c5 4. d5 d6 5. Nc3 exd5 6. cxd5 g6 7. e4 Bg7 8. Be2 0-0 9. 0-0 Qe7 10. Nd2 Nbd7 11. Re1 Ne8 12. f4 Nc7 13. Bf3 Re8 14. Nc4 b5 15. Na5 b4 16. Ne2 Nb5 17. Nc6 Qf8 18. Rb1 Bb7 19. Be3 a5 20. a4 Nc7 21. Ng3 Nb6 22. b3 Bxc6 23. dxc6 Ne6 24. Qd3 Nd4 25. Bxd4 Bxd4+ 26. Kh1 Qh6 27. Ne2 Bf2 28. Rf1 c4 29. Qxd6 Rad8 30. Qc7 Bc5 31. bxc4 Rd2 32. Qb7 Qf8 33. Rfd1 Nxc4 34. c7 Be3 35. Qc6 1-0

[Event "EU-Cup 36th"]
[Site "Struga"]
[Date "2021.09.21"]
[Round "4.6"]
[White "Dishman, Matthew"]
[Black "Eriksson, Lennarth"]
[Result "1/2-1/2"]
[WhiteElo "1949"]
[BlackElo "1941"]
[PlyCount "85"]
[EventDate "2021.09.18"]
[EventType "team-swiss"]
[EventRounds "7"]
[EventCountry "MKD"]
[SourceTitle "CBM 204 Extra"]
[Source "ChessBase"]
[SourceDate "2021.11.30"]
[SourceVersion "1"]
[SourceVersionDate "2021.11.30"]
[SourceQuality "1"]
[WhiteTeam "Bonnevoie Gambit"]
[BlackTeam "Wasa"]
[WhiteTeamCountry "LUX"]
[BlackTeamCountry "SWE"]

1. e4 Nf6 2. e5 Nd5 3. d4 d6 4. c4 Nb6 5. exd6 cxd6 6. Nc3 g6 7. h3 Bg7 8. Nf3 0-0 9. Be2 Nc6 10. 0-0 e5 11. Bg5 f6 12. Be3 f5 13. dxe5 dxe5 14. Qxd8 Rxd8 15. Bg5 Rf8 16. Nd2 Be6 17. c5 Nd7 18. Na4 h6 19. Bh4 g5 20. Bg3 Nd4 21. Bc4 Bxc4 22. Nxc4 f4 23. Bh2 Rab8 24. Rfd1 b5 25. cxb6 axb6 26. Nc3 b5 27. Nd6 Nf6 28. Kf1 Rb6 29. Nde4 Nxe4 30. Nxe4 Rc8 31. Rac1 Rbc6 32. Rxc6 Rxc6 33. Nc3 Kf7 34. Bg1 Ke6 35. f3 b4 36. Ne4 Rc2 37. Rb1 Bf8 38. Bf2 Nf5 39. a4 bxa3 40. bxa3 Bxa3 41. Rb6+ Ke7 42. Rb7+ Ke6 43. Rb6+ 1/2-1/2

[Event "SWE Cup rapid"]
[Site "Linkoping"]
[Date "2018.09.08"]
[Round "6.2"]
[White "Eriksson, Lennarth"]
[Black "Bjorkman, Filip"]
[Result "1/2-1/2"]
[WhiteElo "2043"]
[BlackElo "1904"]
[PlyCount "65"]
[EventDate "2018.09.07"]
[EventType "team-swiss (rapid)"]
[EventRounds "9"]
[EventCountry "SWE"]
[SourceTitle "CBM 186 Extra"]
[Source "ChessBase"]
[SourceDate "2018.08.24"]
[SourceVersion "1"]
[SourceVersionDate "2018.08.24"]
[SourceQuality "1"]
[WhiteTeam "Wasa"]
[BlackTeam "Vasteras"]
[WhiteTeamCountry "SWE"]
[BlackTeamCountry "SWE"]

1. Nf3 Nf6 2. g3 d5 3. c4 c6 4. Bg2 Nbd7 5. cxd5 cxd5 6. Qa4 e6 7. 0-0 Bd6 8. d4 0-0 9. Nc3 a6 10. Bf4 Qe7 11. Bxd6 Qxd6 12. Rac1 Nb6 13. Qc2 Bd7 14. Ne5 Nc4 15. Nxc4 dxc4 16. Bxb7 Ra7 17. Bg2 Qxd4 18. Rfd1 Qb6 19. Ne4 Nxe4 20. Qxe4 Qxb2 21. Qxc4 Bb5 22. Qc5 Rd7 23. Rxd7 Bxd7 24. Qc2 Qxc2 25. Rxc2 Bb5 26. f4 g6 27. Kf2 Rd8 28. Bf3 Kf8 29. g4 h6 30. h4 Ke7 31. g5 hxg5 32. hxg5 Rd4 33. e3 1/2-1/2

[Event "Gothenburg Kvibergspelen"]
[Site "Gothenburg"]
[Date "2018.04.20"]
[Round "4"]
[White "Berg, Roy"]
[Black "Eriksson, Lennarth"]
[Result "0-1"]
[WhiteElo "1961"]
[BlackElo "2098"]
[PlyCount "74"]
[EventDate "2018.04.20"]
[EventType "swiss"]
[EventRounds "8"]
[EventCountry "SWE"]
[SourceTitle "CBM 184 Extra"]
[Source "ChessBase"]
[SourceDate "2018.06.28"]
[SourceVersion "1"]
[SourceVersionDate "2018.06.28"]
[SourceQuality "1"]

1. d4 d6 2. Nf3 f5 3. g3 g6 4. c4 Nf6 5. Nc3 Bg7 6. Bg2 0-0 7. 0-0 Qe8 8. d5 c6 9. Nd4 Bd7 10. Rb1 Na6 11. b4 e5 12. dxe6 Bxe6 13. Nxe6 Qxe6 14. Qb3 Rae8 15. e3 Ng4 16. Ne2 Ne5 17. Rd1 Nxc4 18. Nd4 Bxd4 19. Rxd4 d5 20. a4 Nc7 21. b5 c5 22. Rd1 Rd8 23. Ba3 b6 24. Rbc1 Nxa3 25. Qxa3 Rf7 26. Bf1 Rfd7 27. a5 Qf6 28. axb6 axb6 29. Qb3 Kg7 30. Ra1 Ne6 31. Bg2 d4 32. Bc6 Rd6 33. Ra7+ Kh6 34. Qd3 dxe3 35. Qxe3+ f4 36. gxf4 Rxd1+ 37. Kg2 Nxf4+ 0-1

[Event "Norrkoeping Easter op"]
[Site "Norrkoeping"]
[Date "2018.04.01"]
[Round "7"]
[White "Tiger Norqvist, Axel"]
[Black "Eriksson, Lennarth"]
[Result "1-0"]
[WhiteElo "2144"]
[BlackElo "2089"]
[PlyCount "113"]
[EventDate "2018.03.30"]
[EventType "swiss"]
[EventRounds "9"]
[EventCountry "SWE"]
[SourceTitle "CBM 183 Extra"]
[Source "ChessBase"]
[SourceDate "2018.04.19"]
[SourceVersion "1"]
[SourceVersionDate "2018.04.19"]
[SourceQuality "1"]

1. e4 d6 2. d4 Nf6 3. Nc3 g6 4. Nf3 Bg7 5. h3 0-0 6. Be3 c6 7. a4 b6 8. Be2 a6 9. Qd2 Nbd7 10. 0-0 Qc7 11. Bh6 e5 12. Bxg7 Kxg7 13. Rfd1 Bb7 14. Qg5 h6 15. Qe3 Rad8 16. dxe5 dxe5 17. b4 Rfe8 18. Nd2 c5 19. b5 a5 20. Nc4 Nf8 21. Bd3 Ne6 22. Ne2 Rd7 23. Ng3 Red8 24. Be2 Nf4 25. Rxd7 Rxd7 26. Bf1 h5 27. f3 h4 28. Nh1 N6h5 29. Qe1 Qd8 30. Kh2 Qf6 31. Rd1 Re7 32. g4 hxg3+ 33. Nxg3 Qg5 34. Nh1 Bc8 35. Ne3 Bxh3 36. Bxh3 Nxh3 37. Kxh3 Nf4+ 38. Kh2 Re8 39. Ng4 Qh5+ 40. Kg1 Rh8 41. Ng3 Qg5 42. Rd2 Nh3+ 43. Kg2 Nf4+ 44. Kf1 Nh5 45. Nxh5+ Rxh5 46. Qe3 Rh1+ 47. Ke2 Qh4 48. Rd1 Rh3 49. Qc3 Rg3 50. Qxe5+ Kh7 51. Qf4 Rg2+ 52. Ke3 Kg7 53. Qe5+ Kh7 54. Nf6+ Kh6 55. Qf4+ Qxf4+ 56. Kxf4 Rxc2 57. Nd5 1-0

[Event "Vaxjo op"]
[Site "Vaxjo"]
[Date "2018.02.10"]
[Round "5"]
[White "Svensson, Soren"]
[Black "Eriksson, Lennarth"]
[Result "0-1"]
[WhiteElo "1946"]
[BlackElo "2058"]
[PlyCount "86"]
[EventDate "2018.02.09"]
[EventType "swiss"]
[EventRounds "8"]
[EventCountry "SWE"]
[SourceTitle "CBM 182 Extra"]
[Source "ChessBase"]
[SourceDate "2018.02.23"]
[SourceVersion "1"]
[SourceVersionDate "2018.02.23"]
[SourceQuality "1"]

1. d4 d6 2. c4 f5 3. Nf3 g6 4. Nc3 Nf6 5. g3 Bg7 6. Bg2 0-0 7. 0-0 Qe8 8. d5 c6 9. Nd4 Bd7 10. Rb1 Na6 11. a3 e5 12. Nc2 Qe7 13. b4 Nc7 14. Bg5 h6 15. Bd2 Rad8 16. Be3 cxd5 17. cxd5 b6 18. h3 Nb5 19. Nxb5 Bxb5 20. Qd2 Kh7 21. Rbc1 Rc8 22. f4 Nh5 23. Kh2 exf4 24. gxf4 Bc3 25. Qd1 Ba4 26. Qd3 Bb2 27. Nd4 Bxc1 28. Rxc1 Qh4 29. Rf1 Ng3 30. Rg1 Nh5 31. Ne6 Rf7 32. Bf3 Nf6 33. Bd2 Ne4 34. Be1 Qf6 35. Bxe4 fxe4 36. Qxe4 Bc2 37. Qf3 Bf5 38. e4 Rc2+ 39. Kh1 Bxe6 40. dxe6 Qxe6 41. Qd3 Qa2 42. Qg3 Qe6 43. Qf3 Rxf4 0-1

[Event "Vaxjo op"]
[Site "Vaxjo"]
[Date "2017.02.10"]
[Round "3"]
[White "Eriksson, Lennarth"]
[Black "Ostergaard, Jens"]
[Result "1/2-1/2"]
[WhiteElo "1985"]
[BlackElo "2232"]
[PlyCount "65"]
[EventDate "2017.02.10"]
[EventType "swiss"]
[EventRounds "8"]
[EventCountry "SWE"]
[SourceTitle "CBM 176 Extra"]
[Source "ChessBase"]
[SourceDate "2017.03.02"]
[SourceVersion "1"]
[SourceVersionDate "2017.03.02"]
[SourceQuality "1"]

1. Nf3 Nf6 2. c4 c5 3. Nc3 Nc6 4. d3 g6 5. g3 Bg7 6. Bg2 0-0 7. 0-0 d6 8. h3 a6 9. Bg5 h6 10. Bd2 Rb8 11. Nh2 Bd7 12. Nd5 Nxd5 13. cxd5 Na7 14. Qc1 Kh7 15. a4 Qc7 16. e4 b5 17. a5 b4 18. Re1 Nb5 19. Nf3 e6 20. g4 Bc8 21. Bf4 e5 22. Be3 Bb7 23. Qd2 Nd4 24. Bxd4 exd4 25. Qf4 Rbe8 26. Qg3 Bc8 27. Nd2 g5 28. Nc4 Be5 29. Qf3 Bf4 30. e5 dxe5 31. d6 Qd7 32. Qd5 Qe6 33. Qxc5 1/2-1/2

[Event "Dos Hermanas Internet qual-E 10th"]
[Site "ICC INT"]
[Date "2009.03.15"]
[Round "9"]
[White "Dabo Peranic, Robert"]
[Black "Eriksson, Lennarth"]
[Result "1-0"]
[WhiteElo "2318"]
[BlackElo "2035"]
[PlyCount "77"]
[EventDate "2009.03.15"]
[EventType "swiss (blitz)"]
[EventRounds "12"]
[EventCountry "ESP"]
[SourceTitle "CBM 129 Extra"]
[Source "ChessBase"]
[SourceDate "2009.05.05"]
[SourceVersion "2"]
[SourceVersionDate "2009.05.20"]
[SourceQuality "1"]

1. e4 d6 2. d4 Nf6 3. Nc3 g6 4. f4 Bg7 5. Nf3 c5 6. Bb5+ Bd7 7. e5 Ng4 8. e6 fxe6 9. Ng5 Bxb5 10. Nxb5 Qa5+ 11. c3 Qxb5 12. Qxg4 0-0 13. Qxe6+ Kh8 14. h4 Nd7 15. h5 Rf6 16. Qg4 cxd4 17. hxg6 Qf5 18. Rxh7+ Kg8 19. Qxf5 Rxf5 20. cxd4 Bxd4 21. Rxe7 Nc5 22. g3 Rc8 23. Be3 Bxe3 24. Rxe3 Na4 25. Rd1 d5 26. b3 Nc3 27. Rc1 d4 28. Re7 Rfc5 29. Ne6 Nd5 30. Rxc5 Nxe7 31. Rxc8+ Nxc8 32. f5 Nd6 33. f6 d3 34. f7+ Nxf7 35. gxf7+ Kxf7 36. Nd4 Kf6 37. Kd2 Ke5 38. Kxd3 b6 39. g4 1-0